| 000 | 00351cam a22001097a 4500 | ||
|---|---|---|---|
| 008 | 180718b1956 xxu||||| |||| 00| 0 eng d | ||
| 082 | _aN120x54 C733/1 | ||
| 245 |
_aThe north African Campaign 1940-43 _cedited by Bisheshwar Prasad |
||
| 260 |
_aCalcutta _bS.N. Guha Ray at Sree Saraswaty Press LTD _c1956 |
||
| 300 | _a567p. | ||
| 700 | _aPrasad, Bisheshwar | ||
| 999 |
_c410572 _d410572 |
||